01756nam a2200349 a 4500001001000000005001700010008004100027041000800068044000800076084002000084100005000104245018100154260003200335300002200367500020200389500006200591500016100653500005900814500003800873500001000911546002400921650005700945650006101002650003901063650005001102700005601152740005001208902000801258942001101266999001501277952011401292BRCA_324220190320204200.0110309s1811----enka---###---#000-0#eng-# aeng aenk a543b.S78c18111 aCervantes Saavedra, Miguel ded1547-1616921310aThe History and Adventures of the Renowned Don QuixotecTranslated from the Spanish of Miguel de Cervantes Saavedra by Dr. Smollett to which is Prefixed the Life of the Author. aLondresbJ. Stratfordc1811 a2 v.bil.c22 cm. aContenido : v.1. Primera parte. Advertencia del traductor. Prólogo del autor. Vida de Cervantes. -- v.2. Segunda parte. Prólodgo de Cervantes. Aprobaciones y licencia de la edición príncipe aEdición : Embellished with a Super Series of Engravings aReproducción de la traducción de Smollett. Similar a la edición publicada en 1755, por A. Millar. Piel; lomeras decoradas con dorados Lúdovik Osterc aEstado físico : Anotaciones manuscritas en la guarda aCon ex-libris de : John Charleton aQM800 aTexto en : inglés14aNovela españolayÉpoca clásica, 1500-1700921514aLiteratura españolayÉpoca clásica, 1500-1700921614aNovela españolaySiglo XVII921714aDon Quijote (Personaje ficticio)eNovela92181 aSmollett, Tobias Georged1721-1771eTraductor986420 aEl Ingenioso Hidalgo Don Quijote de la Mancha aQFM 2lcccB c2978d2978 00104070aBRCAbBRCAd2009-03-11iQM800l0o543 .S78 1811 (QM800)p3239r2019-03-22 00:00:00w2019-03-22yB